Zvýšenie životnosti razníkov na lisovanie vývodiek a nálievok povlakovaním : Diplomová práca

Enregistré dans:
Détails bibliographiques
Auteur principal: Rybár, Peter (Auteur)
Autres auteurs: Polák, Jozef (xxx)
Format: Manuscrit Livre
Langue:slovaque
Publié: Trnava : SVŠT v Bratislave StF KNoM, 1990
Sujets:
Tags: Ajouter un tag
Pas de tags, Soyez le premier à ajouter un tag!

MARC

LEADER 00000ntm a22000003a 4500
001 stu95539
005 20160719162718.4
008 050907s1990----cs------------------slo-d
040 |a STU  |b slo 
041 0 |a slo 
044 |a cs 
100 1 |a Rybár, Peter  |4 aut 
245 1 |a Zvýšenie životnosti razníkov na lisovanie vývodiek a nálievok povlakovaním :  |b Diplomová práca 
260 |a Trnava :  |b SVŠT v Bratislave StF KNoM,  |c 1990 
300 |a 55 s 
650 7 |a strojárska technológia  |2 stusub 
700 1 |a Polák, Jozef  |4 xxx